00378 a2200109 4500001001000000005001700010008004100027245008900068100002700157773006700184999001700251ART_1097020260410161849.0260409a 10aLa mercancía patrón generalizada para trabajo heterogéneo y equilibrio general1 aEscudé, Guillermo J.0 tEconómicag- Año XXVIII, Nº 1/2 (ene./ago. 1982)wREV7541 c24813d24813